<?xml version="1.0" encoding="UTF-8"?>
<record
    xmlns:xsi="http://www.w3.org/2001/XMLSchema-instance"
    xsi:schemaLocation="http://www.loc.gov/MARC21/slim http://www.loc.gov/standards/marcxml/schema/MARC21slim.xsd"
    xmlns="http://www.loc.gov/MARC21/slim">

  <leader>01275nam0a2200313 i 4500</leader>
  <controlfield tag="001">RU\NLR\BIBL_A\011310795</controlfield>
  <controlfield tag="005">20240726231614.0</controlfield>
  <datafield tag="010" ind1=" " ind2=" ">
    <subfield code="a">9785389117723</subfield>
    <subfield code="9">4000</subfield>
  </datafield>
  <datafield tag="021" ind1=" " ind2=" ">
    <subfield code="a">RU</subfield>
    <subfield code="b">2016-99661</subfield>
    <subfield code="9">6632</subfield>
  </datafield>
  <datafield tag="035" ind1=" " ind2=" ">
    <subfield code="a">(NLR Aleph) 011310795</subfield>
  </datafield>
  <datafield tag="090" ind1=" " ind2=" ">
    <subfield code="a">11020586</subfield>
    <subfield code="c">11020586</subfield>
  </datafield>
  <datafield tag="100" ind1=" " ind2=" ">
    <subfield code="a">20170117d2016    em y0rusy50      ca</subfield>
  </datafield>
  <datafield tag="101" ind1="1" ind2=" ">
    <subfield code="a">rus</subfield>
    <subfield code="c">eng</subfield>
  </datafield>
  <datafield tag="102" ind1=" " ind2=" ">
    <subfield code="a">RU</subfield>
  </datafield>
  <datafield tag="105" ind1=" " ind2=" ">
    <subfield code="a">a|||z|||001zy</subfield>
  </datafield>
  <datafield tag="200" ind1="1" ind2=" ">
    <subfield code="a">&#x41A;&#x43D;&#x438;&#x433;&#x430; &#x437;&#x43D;&#x430;&#x43D;&#x438;&#x439; &#x432; &#x432;&#x43E;&#x43F;&#x440;&#x43E;&#x441;&#x430;&#x445; &#x438; &#x43E;&#x442;&#x432;&#x435;&#x442;&#x430;&#x445;</subfield>
    <subfield code="e">[&#x434;&#x438;&#x43D;&#x43E;&#x437;&#x430;&#x432;&#x440;&#x44B;, &#x434;&#x440;&#x435;&#x432;&#x43D;&#x438;&#x439; &#x43C;&#x438;&#x440;, &#x438;&#x437;&#x43E;&#x431;&#x440;&#x435;&#x442;&#x435;&#x43D;&#x438;&#x44F;, &#x437;&#x432;&#x435;&#x437;&#x434;&#x44B; &#x438; &#x43F;&#x43B;&#x430;&#x43D;&#x435;&#x442;&#x44B;</subfield>
    <subfield code="e">&#x434;&#x43B;&#x44F; &#x441;&#x442;&#x430;&#x440;&#x448;&#x435;&#x433;&#x43E; &#x448;&#x43A;&#x43E;&#x43B;&#x44C;&#x43D;&#x43E;&#x433;&#x43E; &#x432;&#x43E;&#x437;&#x440;&#x430;&#x441;&#x442;&#x430;</subfield>
    <subfield code="f">&#x430;&#x432;&#x442;. &#x442;&#x435;&#x43A;&#x441;&#x442;&#x430;: &#x423;&#x44D;&#x43D;&#x434;&#x438; &#x41C;&#x430;&#x434;&#x433;&#x443;&#x438;&#x43A;, &#x420;&#x43E;&#x431;&#x438;&#x43D; &#x41A;&#x435;&#x440;&#x440;&#x43E;&#x434;</subfield>
    <subfield code="g">&#x43F;&#x435;&#x440;. &#x441; &#x430;&#x43D;&#x433;&#x43B;.: &#x41C;&#x430;&#x440;&#x438;&#x44F; &#x414;&#x438;&#x434;&#x435;&#x43D;&#x43A;&#x43E; &#x438; &#x434;&#x440;.]</subfield>
  </datafield>
  <datafield tag="210" ind1=" " ind2=" ">
    <subfield code="a">&#x41C;&#x43E;&#x441;&#x43A;&#x432;&#x430; [&#x438; &#x434;&#x440;.]</subfield>
    <subfield code="c">&#x41C;&#x430;&#x445;&#x430;&#x43E;&#x43D; [&#x438; &#x434;&#x440;.]</subfield>
    <subfield code="d">2016</subfield>
  </datafield>
  <datafield tag="215" ind1=" " ind2=" ">
    <subfield code="a">160 &#x441;.</subfield>
    <subfield code="c">&#x446;&#x432;. &#x438;&#x43B;.</subfield>
    <subfield code="d">28</subfield>
  </datafield>
  <datafield tag="300" ind1=" " ind2=" ">
    <subfield code="a">&#x410;&#x432;&#x442;. &#x443;&#x43A;&#x430;&#x437;&#x430;&#x43D;&#x44B; &#x43D;&#x430; &#x43E;&#x431;&#x43E;&#x440;&#x43E;&#x442;&#x435; &#x442;&#x438;&#x442;. &#x43B;.</subfield>
  </datafield>
  <datafield tag="320" ind1=" " ind2=" ">
    <subfield code="a">&#x423;&#x43A;&#x430;&#x437;.: &#x441;. 158-160</subfield>
  </datafield>
  <datafield tag="333" ind1=" " ind2=" ">
    <subfield code="a">6+</subfield>
  </datafield>
  <datafield tag="686" ind1="3" ind2=" ">
    <subfield code="a">&#x428;9</subfield>
    <subfield code="b">&#x42F;20</subfield>
  </datafield>
  <datafield tag="700" ind1=" " ind2="1">
    <subfield code="a">&#x41C;&#x430;&#x434;&#x433;&#x443;&#x438;&#x43A;</subfield>
    <subfield code="b">&#x423;.</subfield>
    <subfield code="g">&#x423;&#x44D;&#x43D;&#x434;&#x438;</subfield>
  </datafield>
  <datafield tag="701" ind1=" " ind2="1">
    <subfield code="a">&#x41A;&#x435;&#x440;&#x440;&#x43E;&#x434;</subfield>
    <subfield code="b">&#x420;.</subfield>
    <subfield code="g">&#x420;&#x43E;&#x431;&#x438;&#x43D;</subfield>
  </datafield>
  <datafield tag="942" ind1=" " ind2=" ">
    <subfield code="c">BOOK</subfield>
  </datafield>
  <datafield tag="980" ind1=" " ind2=" ">
    <subfield code="a">NBR</subfield>
  </datafield>
</record>
